[Event "10th European Individual Women's Championship"]
[Site "St Petersburg RUS"]
[Date "2009.03.19"]
[EventDate "2009.03.08"]
[Round "11"]
[Result "1-0"]
[White "Tatiana Kosintseva"]
[Black "Ekaterina Kovalevskaya"]
[WhiteElo "2497"]
[BlackElo "2442"]
[PlyCount "97"]

1. e4 e5 2. Nf3 Nc6 3. Bb5 a6 4. Ba4 Nf6 5. O-O Be7 6. Re1 d6
7. Bxc6+ bxc6 8. d4 exd4 9. Nxd4 Bd7 10. c4 O-O 11. Nc3 Qb8
12. b3 Re8 13. Bf4 Qb6 14. Qd3 Rad8 15. Rad1 Qb7 16. Nc2 Bc8
17. h3 Nd7 18. Qg3 Bf6 19. Bg5 Bxc3 20. Qxc3 f6 21. Bh4 Nf8
22. Bg3 c5 23. f3 Be6 24. Ne3 Qc8 25. a3 Ng6 26. b4 cxb4
27. axb4 Ne5 28. c5 dxc5 29. bxc5 Bf7 30. Rxd8 Qxd8 31. Ra1
Qc8 32. Qa5 Qd7 33. Rd1 Qc6 34. Nd5 Bxd5 35. exd5 Qb7 36. c6
Qb3 37. Re1 Qb8 38. Qxa6 Qd8 39. f4 Nf7 40. Rxe8+ Qxe8 41. f5
h5 42. Bxc7 Qe3+ 43. Kh2 Ne5 44. Qf1 h4 45. Kh1 Nd3 46. Bb6
Qxb6 47. Qxd3 Qc5 48. Qd1 Qd6 49. Qc1 1-0

[Event "Russian Team Championship: Women's League"]
[Site "Dagomys RUS"]
[Date "2009.04.02"]
[EventDate "2009.04.02"]
[Round "1"]
[Result "1-0"]
[White "Tatiana Kosintseva"]
[Black "Natalia Zdebskaja"]
[WhiteElo "2522"]
[BlackElo "2438"]
[PlyCount "103"]

1. e4 c5 2. Nf3 d6 3. d4 cxd4 4. Nxd4 Nf6 5. Nc3 a6 6. Bg5 e6
7. f4 Qc7 8. Bxf6 gxf6 9. Qd2 Nc6 10. O-O-O Bd7 11. Kb1 h5
12. Bc4 Nxd4 13. Qxd4 Qc5 14. Qd3 b5 15. Bb3 b4 16. Ne2 Bb5
17. Qd2 a5 18. c3 a4 19. cxb4 Qf2 20. Nd4 Qxd2 21. Rxd2 axb3
22. Nxb5 bxa2+ 23. Ka1 Rb8 24. Nxd6+ Bxd6 25. Rxd6 Rxb4
26. Rhd1 O-O 27. R6d4 Rfb8 28. Rxb4 Rxb4 29. Re1 Ra4 30. b3
Ra3 31. Kb2 Ra7 32. Ra1 Rd7 33. Rxa2 Rd4 34. Kc3 Rxe4 35. b4
Kf8 36. b5 Ke7 37. b6 Kd7 38. Ra7+ Kc6 39. Rxf7 Kxb6 40. Rxf6
Re2 41. Rg6 Kc5 42. Kd3 Ra2 43. Ke4 Kc4 44. h4 Re2+ 45. Kf3
Kd3 46. Rg5 Re3+ 47. Kf2 Re2+ 48. Kg1 Ra2 49. Re5 Ra6 50. Kh2
Kd4 51. g3 Rb6 52. Kh3 1-0

[Event "Russian Team Championship: Women's League"]
[Site "Dagomys RUS"]
[Date "2009.04.03"]
[EventDate "2009.04.02"]
[Round "2"]
[Result "1/2-1/2"]
[White "Anna Muzychuk"]
[Black "Tatiana Kosintseva"]
[WhiteElo "2533"]
[BlackElo "2522"]
[PlyCount "69"]

1. e4 e5 2. Nf3 Nc6 3. d4 exd4 4. Nxd4 Bc5 5. Nxc6 Qf6 6. Qf3
bxc6 7. Nd2 d6 8. Bd3 Qxf3 9. Nxf3 Bg4 10. Nh4 Ne7 11. Bd2 O-O
12. h3 Bd7 13. g4 Rab8 14. b3 d5 15. exd5 cxd5 16. f4 Nc6
17. c3 Rfe8+ 18. Kd1 d4 19. Re1 dxc3 20. Bxc3 Red8 21. Ke2 Nb4
22. Bxb4 Bxb4 23. Rec1 Bd6 24. Kf3 g6 25. Ng2 a5 26. Ne3 a4
27. Rab1 axb3 28. axb3 Ba3 29. Rd1 Bc5 30. Be4 Kg7 31. Rd3 Bb5
32. Rxd8 Rxd8 33. Rc1 Bb6 34. Nc4 Bxc4 35. bxc4 1/2-1/2

[Event "Russian Team Championship: Women's League"]
[Site "Dagomys RUS"]
[Date "2009.04.04"]
[EventDate "2009.04.02"]
[Round "3"]
[Result "0-1"]
[White "Valentina Solovjova"]
[Black "Tatiana Kosintseva"]
[WhiteElo "2305"]
[BlackElo "2522"]
[PlyCount "148"]

1. e4 e5 2. Nf3 Nc6 3. d4 exd4 4. Nxd4 Bc5 5. Be3 Qf6 6. c3
Nge7 7. g3 d5 8. Bg2 dxe4 9. Nd2 Bb6 10. Nxe4 Qg6 11. Nxc6
Nxc6 12. Bxb6 axb6 13. O-O O-O 14. Qf3 Ne5 15. Qf4 f6 16. c4
Bg4 17. Nc3 c6 18. f3 Be6 19. b3 Rfd8 20. Rad1 Rd3 21. Rxd3
Qxd3 22. Rc1 Rd8 23. Qe4 Bf5 24. Qxd3 Rxd3 25. f4 Nf3+ 26. Kh1
Nd4 27. Bf1 Rd2 28. Bg2 Bg4 29. Kg1 Bf3 30. Bh3 c5 31. Re1 Bc6
32. Re3 Nf3+ 33. Kf1 Rxh2 34. Be6+ Kf8 35. Bd5 Nd4 36. Bxc6
bxc6 37. Ne4 Rxa2 38. Nd6 Ra8 39. Rd3 Ke7 40. Ne4 Ra1+ 41. Kf2
Ra2+ 42. Kf1 Rb2 43. Nd2 f5 44. Ke1 b5 45. Kd1 b4 46. Ke1 Kf6
47. Kd1 h6 48. Re3 g5 49. Rd3 Ra2 50. Nf3 gxf4 51. gxf4 Nxf3
52. Rxf3 Kg6 53. Rg3+ Kh5 54. Rh3+ Kg4 55. Rxh6 Ra6 56. Ke2
Kxf4 57. Re6 Ra2+ 58. Ke1 Rb2 59. Rxc6 Ke3 60. Re6+ Kd4
61. Rd6+ Kc3 62. Rd5 Kxb3 63. Rxc5 Rc2 64. Rxf5 Rxc4 65. Kd2
Rc8 66. Rf7 Kb2 67. Kd3 b3 68. Rf2+ Ka3 69. Rf7 b2 70. Ra7+
Kb3 71. Rb7+ Ka2 72. Ra7+ Kb1 73. Rh7 Ra8 74. Rh1+ Ka2 0-1

[Event "Russian Team Championship: Women's League"]
[Site "Dagomys RUS"]
[Date "2009.04.08"]
[EventDate "2009.04.02"]
[Round "6"]
[Result "1/2-1/2"]
[White "Natalia Zhukova"]
[Black "Tatiana Kosintseva"]
[WhiteElo "2461"]
[BlackElo "2522"]
[PlyCount "61"]

1. d4 Nf6 2. c4 e6 3. Nf3 d5 4. Nc3 Bb4 5. cxd5 exd5 6. Bg5
Nbd7 7. e3 c5 8. Bd3 Qa5 9. Qc2 c4 10. Bf5 O-O 11. O-O Re8
12. Nd2 g6 13. Bh3 Kg7 14. Rae1 h6 15. Bh4 g5 16. Bxd7 Bxd7
17. Bg3 Nh5 18. e4 Nxg3 19. hxg3 dxe4 20. Nxc4 Qa6 21. Ne5
Bxc3 22. bxc3 Bb5 23. c4 Rxe5 24. dxe5 Bxc4 25. Qxe4 Bxf1
26. Rxf1 Rd8 27. f4 Rd2 28. f5 Qb6+ 29. Kh2 Qc6 30. Qxc6 bxc6
31. Rc1 1/2-1/2

[Event "Russian Team Championship: Women's League"]
[Site "Dagomys RUS"]
[Date "2009.04.09"]
[EventDate "2009.04.02"]
[Round "7"]
[Result "1-0"]
[White "Tatiana Kosintseva"]
[Black "Svetlana Matveeva"]
[WhiteElo "2522"]
[BlackElo "2410"]
[PlyCount "109"]

1. e4 e6 2. d4 d5 3. Nc3 Nf6 4. e5 Nfd7 5. f4 c5 6. Nf3 Nc6
7. Be3 a6 8. Qd2 b5 9. a3 g5 10. fxg5 cxd4 11. Nxd4 Ncxe5
12. Bd3 Bg7 13. O-O O-O 14. Nce2 Nb6 15. b3 Nxd3 16. Qxd3 e5
17. Ng3 Nc4 18. Nc6 e4 19. Qe2 Bg4 20. Qf2 Qc7 21. bxc4 Qxc6
22. cxd5 Qxd5 23. Qf4 Qe6 24. h3 Be5 25. Qf2 Bxh3 26. gxh3
Qxh3 27. Nf5 Qg4+ 28. Qg2 Qxg2+ 29. Kxg2 Bxa1 30. Rxa1 Rad8
31. c3 Rfe8 32. Rf1 Rd7 33. Kg3 Re6 34. Bd4 e3 35. Kf4 e2
36. Re1 Rd8 37. Be5 Rd3 38. Rxe2 Rxc3 39. Rd2 Rc4+ 40. Kf3 Rc8
41. Bf6 Rce8 42. Rd7 Kf8 43. Nd6 Rxd6 44. Rxd6 Re6 45. Rd8+
Re8 46. Rxe8+ Kxe8 47. Ke4 Kd7 48. Kd5 a5 49. Bc3 Ke7 50. Bxa5
f6 51. gxf6+ Kxf6 52. Kc6 Ke6 53. Bc7 h5 54. Kxb5 Kd7 55. Kb6
1-0

[Event "Russia vs China (Women)"]
[Site "Sochi RUS"]
[Date "2009.08.18"]
[EventDate "2009.08.15"]
[Round "4"]
[Result "1-0"]
[White "Ju Wenjun"]
[Black "Tatiana Kosintseva"]
[WhiteElo "2443"]
[BlackElo "2539"]
[PlyCount "85"]

1. c4 c5 2. Nf3 Nc6 3. d4 cxd4 4. Nxd4 g6 5. e4 Bg7 6. Be3 Nf6
7. Nc3 O-O 8. Be2 d6 9. O-O Bd7 10. Qd2 Nxd4 11. Bxd4 Bc6
12. f3 a5 13. Rab1 Nd7 14. Be3 a4 15. Rfd1 Qa5 16. Nd5 Bxd5
17. Qxa5 Rxa5 18. exd5 f5 19. Kf1 f4 20. Bf2 Be5 21. Rdc1 Kg7
22. Rc2 Rc8 23. Rbc1 Nc5 24. Rd2 Raa8 25. Bd4 b5 26. Bxe5+
dxe5 27. d6 exd6 28. Rxd6 b4 29. Rcd1 a3 30. b3 Rab8 31. Bd3
Rd8 32. Be4 Ne6 33. Rxd8 Rxd8 34. Rxd8 Nxd8 35. Bd5 Kf6
36. Ke2 e4 37. fxe4 Ke5 38. c5 g5 39. Kf3 h6 40. Kg4 Ne6
41. Bxe6 Kxe6 42. h3 Kd7 43. e5 1-0

[Event "Russia vs China (Women)"]
[Site "Sochi RUS"]
[Date "2009.08.19"]
[EventDate "2009.08.15"]
[Round "5"]
[Result "1/2-1/2"]
[White "Huang Qian"]
[Black "Tatiana Kosintseva"]
[WhiteElo "2424"]
[BlackElo "2539"]
[PlyCount "100"]

1. d4 Nf6 2. c4 e6 3. Nc3 Bb4 4. Qc2 d5 5. cxd5 exd5 6. Bg5 c5
7. Nf3 Nbd7 8. e3 Qa5 9. Bd3 c4 10. Bf5 O-O 11. O-O Re8
12. Nd2 g6 13. Bxd7 Nxd7 14. Rfe1 Nb6 15. f3 Bd7 16. Bf4 Bxc3
17. bxc3 Na4 18. Rec1 Re6 19. Rab1 b5 20. a3 Rae8 21. Nf1 f6
22. h4 Qd8 23. Re1 Bc6 24. Kf2 Qe7 25. Qc1 g5 26. Bg3 h6
27. Qc2 Qf7 28. Nh2 Qh7 29. Rbc1 Bd7 30. Ng4 Ra6 31. hxg5
Qxc2+ 32. Rxc2 Bxg4 33. fxg4 hxg5 34. Kf3 Rae6 35. Bf2 Kg7
36. Rb1 a6 37. Rh1 Kg6 38. Rh2 Rf8 39. Rc1 f5 40. gxf5+ Rxf5+
41. Ke2 Rf7 42. Bg3 Rh7 43. Rxh7 Kxh7 44. Be5 Kg6 45. e4 dxe4
46. Ke3 Nc5 47. Rf1 Na4 48. Rc1 Nc5 49. Rf1 Na4 50. Rc1 Nc5
1/2-1/2

[Event "Yinzhou Cup Women World Teams"]
[Site "Ningbo CHN"]
[Date "2009.09.03"]
[EventDate "2009.09.02"]
[Round "2"]
[Result "1/2-1/2"]
[White "Tatiana Kosintseva"]
[Black "Dronavalli Harika"]
[WhiteElo "2536"]
[BlackElo "2474"]
[PlyCount "151"]

1. e4 e5 2. Nf3 Nc6 3. Bb5 a6 4. Ba4 Nf6 5. O-O Be7 6. Re1 b5
7. Bb3 d6 8. c3 O-O 9. h3 Na5 10. Bc2 c5 11. d4 Qc7 12. Nbd2
Be6 13. d5 Bd7 14. b3 c4 15. b4 Nb7 16. Nf1 a5 17. Ng3 Ra6
18. a3 Rfa8 19. Nh2 g6 20. Rb1 axb4 21. cxb4 Nd8 22. Re3 Ne8
23. Rc3 Ng7 24. Ng4 Bxg4 25. Qxg4 Qc8 26. Qe2 Qd7 27. a4 bxa4
28. Qxc4 a3 29. Ra1 a2 30. Bb3 Bh4 31. Ne2 Ne8 32. Rc2 R6a7
33. Raxa2 Rb8 34. Rxa7 Qxa7 35. g3 Be7 36. Kg2 Rb7 37. Ra2 Qb8
38. Bd2 Nc7 39. Ba4 Rb6 40. Bd7 Qb7 41. Rc2 Nb5 42. Qc8 Na7
43. Qxb7 Rxb7 44. Ba4 Nb5 45. Rc8 Kg7 46. Nc1 f5 47. f3 fxe4
48. fxe4 Nd4 49. Nb3 Nxb3 50. Bxb3 Nf7 51. Bc4 Bg5 52. Be1 Be3
53. Ba6 Ra7 54. b5 Ng5 55. Rc4 Rf7 56. h4 Nf3 57. Ba5 Nd2
58. Rc7 Rxc7 59. Bxc7 Nc4 60. Bd8 h6 61. Kf3 Bb6 62. Bxb6 Nxb6
63. Bb7 Kf6 64. Bc6 Ke7 65. Ke3 Kd8 66. Kd3 Na4 67. Ke2 Ke7
68. Kf3 Nb6 69. Bb7 Kd8 70. Kg4 Nd7 71. Kf3 Kc7 72. Bc6 Nf6
73. Ke3 Kb6 74. Kf3 Kc7 75. Ke3 Kb6 76. Kf3 1/2-1/2

[Event "Yinzhou Cup Women World Teams"]
[Site "Ningbo CHN"]
[Date "2009.09.04"]
[EventDate "2009.09.02"]
[Round "3"]
[Result "1/2-1/2"]
[White "Elina Danielian"]
[Black "Tatiana Kosintseva"]
[WhiteElo "2489"]
[BlackElo "2536"]
[PlyCount "59"]

1. d4 Nf6 2. Nf3 d5 3. c4 e6 4. Nc3 Bb4 5. Qa4+ Nc6 6. e3 O-O
7. Bd2 dxc4 8. Bxc4 Bd6 9. O-O e5 10. d5 e4 11. Nxe4 Nxe4
12. dxc6 Nxd2 13. Nxd2 Bxh2+ 14. Kxh2 Qxd2 15. Rad1 Qxb2
16. Rd4 Be6 17. Bxe6 fxe6 18. Qc4 bxc6 19. Qxe6+ Kh8 20. Qxc6
Qxa2 21. f4 Rae8 22. Rf3 Re6 23. Qxc7 Rh6+ 24. Rh3 Rxh3+
25. Kxh3 Qe6+ 26. Kh2 Qxe3 27. Rd8 Rg8 28. Qb8 Qe6 29. Rxg8+
Qxg8 30. Qxa7 1/2-1/2

[Event "Yinzhou Cup Women World Teams"]
[Site "Ningbo CHN"]
[Date "2009.09.09"]
[EventDate "2009.09.02"]
[Round "7"]
[Result "1/2-1/2"]
[White "Tatiana Kosintseva"]
[Black "Iweta Radziewicz Rajlich"]
[WhiteElo "2536"]
[BlackElo "2465"]
[PlyCount "99"]

1. e4 e6 2. d4 d5 3. Nc3 Nc6 4. exd5 exd5 5. Nf3 Bb4 6. h3 Bf5
7. Bd3 Nge7 8. O-O Bxc3 9. bxc3 O-O 10. Ba3 Re8 11. Re1 Bg6
12. c4 dxc4 13. Bxc4 Nf5 14. Rxe8+ Qxe8 15. Qd2 Nd6 16. Bb3 a5
17. Bxd6 cxd6 18. Ba4 Qd8 19. Re1 Qc7 20. Qe3 Rf8 21. c4 Nb4
22. Qe7 Qxe7 23. Rxe7 Nxa2 24. Rxb7 Be4 25. Ra7 Ra8 26. Rxa8+
Bxa8 27. d5 Nc3 28. Bc6 Bxc6 29. dxc6 Kf8 30. Nd4 Ke7 31. Kf1
Kd8 32. Ke1 Kc7 33. Nb5+ Kxc6 34. Nxc3 Kc5 35. Ne4+ Kxc4
36. Nxd6+ Kb3 37. Kd2 a4 38. Nb5 a3 39. Nd4+ Kb2 40. Nc2 a2
41. f4 h5 42. g3 g6 43. g4 hxg4 44. hxg4 f6 45. Kd3 Kb3
46. Na1+ Kb2 47. Nc2 Kb3 48. Na1+ Kb2 49. Nc2 Kb3 50. Nd4+
1/2-1/2

[Event "Yinzhou Cup Women World Teams"]
[Site "Ningbo CHN"]
[Date "2009.09.10"]
[EventDate "2009.09.02"]
[Round "8"]
[Result "0-1"]
[White "Hoang Thi Bao Tram"]
[Black "Tatiana Kosintseva"]
[WhiteElo "2265"]
[BlackElo "2536"]
[PlyCount "120"]

1. d4 Nf6 2. Nf3 d5 3. Bf4 c6 4. e3 Bf5 5. c4 Qb6 6. Qb3 Nbd7
7. Be2 e6 8. O-O dxc4 9. Bxc4 Nh5 10. Be5 f6 11. Bg3 Qxb3
12. Bxb3 Nxg3 13. hxg3 Bb4 14. Nc3 Ke7 15. Rfe1 Bg6 16. Rac1
Rac8 17. a3 Ba5 18. Ba2 Bf7 19. Bb1 Bc7 20. Na4 Bd6 21. Nd2 h5
22. b4 h4 23. gxh4 Rxh4 24. g3 Rh5 25. Be4 Rhh8 26. Rb1 e5
27. Nb3 Bd5 28. Bxd5 cxd5 29. Rec1 b6 30. Nc3 Ke6 31. e4 dxe4
32. Nxe4 Be7 33. Re1 Kf7 34. Ned2 Rc3 35. dxe5 Nxe5 36. Kg2
Ng4 37. Rh1 Rd8 38. Rbc1 Rcd3 39. Rc2 a5 40. bxa5 bxa5 41. Rc4
f5 42. Rb1 Rxd2 43. Nxd2 Rxd2 44. Rf4 g6 45. Rb5 Bxa3 46. Rxa5
Bd6 47. Rf3 Be5 48. Ra7+ Kf6 49. Ra6+ Kg5 50. Raa3 Bd4
51. Rad3 Rxd3 52. Rxd3 Bxf2 53. Kh3 Bc5 54. Rd5 Be7 55. Rd7
Kf6 56. Kg2 g5 57. Ra7 Bd6 58. Ra6 Ke6 59. Ra5 Nf6 60. Kf3 g4+
0-1

[Event "Yinzhou Cup Women World Teams"]
[Site "Ningbo CHN"]
[Date "2009.09.11"]
[EventDate "2009.09.02"]
[Round "9"]
[Result "1/2-1/2"]
[White "Tatiana Kosintseva"]
[Black "Tan Zhongyi"]
[WhiteElo "2536"]
[BlackElo "2435"]
[PlyCount "54"]

1. e4 d6 2. d4 Nf6 3. Nc3 g6 4. Be3 c6 5. Qd2 b5 6. Bd3 Nbd7
7. Nf3 Bg7 8. Bh6 O-O 9. Bxg7 Kxg7 10. O-O e5 11. a4 exd4
12. Ne2 c5 13. axb5 Bb7 14. Ng3 d5 15. Rfe1 dxe4 16. Nxe4 Re8
17. Nfg5 Nxe4 18. Bxe4 Bxe4 19. Nxe4 Qc7 20. h4 Re5 21. Ng3
Rae8 22. Rxe5 Rxe5 23. c3 Nf6 24. cxd4 Rd5 25. Qc3 Qb6
26. dxc5 Rxc5 27. Qa3 Rxb5 1/2-1/2

[Event "17th European Team Championship (Women)"]
[Site "Novi Sad SRB"]
[Date "2009.10.22"]
[EventDate "2009.10.22"]
[Round "1"]
[Result "1/2-1/2"]
[White "Sabrina Vega Gutierrez"]
[Black "Tatiana Kosintseva"]
[WhiteElo "2357"]
[BlackElo "2536"]
[PlyCount "87"]

1. e4 e5 2. Nf3 Nc6 3. Bb5 a6 4. Ba4 Nf6 5. O-O Be7 6. d3 b5
7. Bb3 d6 8. a4 b4 9. a5 O-O 10. Nbd2 Be6 11. Nc4 Rb8 12. Be3
Qc8 13. Re1 h6 14. d4 exd4 15. Nxd4 Nxd4 16. Bxd4 Rd8 17. Ne3
c5 18. Nd5 Bxd5 19. Bxf6 Bxf6 20. Qxd5 Qc7 21. Ra2 Re8 22. Re3
Re5 23. Qd3 Rb5 24. g3 Re7 25. Rf3 Bd4 26. Bc4 Rxa5 27. Rxa5
Qxa5 28. c3 Be5 29. Bxa6 bxc3 30. bxc3 Re6 31. Bc4 Rf6
32. Rxf6 gxf6 33. Qd5 Qa7 34. Kg2 Bxc3 35. Qxd6 Bd4 36. h4 Kg7
37. Qd5 Qe7 38. h5 Qc7 39. Bb3 Qe7 40. Bc4 Qc7 41. f4 Qe7
42. Kf3 Qa7 43. Kg4 Qe7 44. Kf3 1/2-1/2

[Event "17th European Team Championship (Women)"]
[Site "Novi Sad SRB"]
[Date "2009.10.26"]
[EventDate "2009.10.22"]
[Round "5"]
[Result "1-0"]
[White "Tatiana Kosintseva"]
[Black "Iweta Radziewicz Rajlich"]
[WhiteElo "2536"]
[BlackElo "2465"]
[PlyCount "77"]

1. e4 e6 2. d4 d5 3. Nc3 Nf6 4. e5 Nfd7 5. f4 c5 6. Nf3 Nc6
7. Be3 Be7 8. Qd2 O-O 9. Be2 b6 10. O-O f5 11. exf6 Nxf6
12. Kh1 Bb7 13. Bd3 a6 14. a3 Qc7 15. Qe1 c4 16. Be2 Ng4
17. Bg1 Rxf4 18. h3 Nh6 19. Bh2 Raf8 20. Bxc4 dxc4 21. Qxe6+
Kh8 22. Nd5 Rxf3 23. Bxc7 Rxf1+ 24. Rxf1 Rxf1+ 25. Kh2 Rf2
26. Kg1 Rxc2 27. Nxe7 Nxe7 28. Qxe7 Ng8 29. Qf7 Rxg2+ 30. Kf1
b5 31. Be5 Be4 32. h4 Rg4 33. Kf2 h6 34. d5 Kh7 35. d6 Rg6
36. d7 h5 37. d8=Q Nh6 38. Qff8 Rg2+ 39. Kf1 1-0

[Event "17th European Team Championship (Women)"]
[Site "Novi Sad SRB"]
[Date "2009.10.27"]
[EventDate "2009.10.22"]
[Round "6"]
[Result "1/2-1/2"]
[White "Natalia Zhukova"]
[Black "Tatiana Kosintseva"]
[WhiteElo "2457"]
[BlackElo "2536"]
[PlyCount "179"]

1. d4 Nf6 2. c4 e6 3. Nc3 Bb4 4. e3 O-O 5. Bd3 d5 6. Nf3 c5
7. O-O dxc4 8. Bxc4 Nbd7 9. Qe2 b6 10. a3 cxd4 11. axb4 dxc3
12. bxc3 Qc7 13. Bb2 Bb7 14. Ba6 Bxa6 15. Rxa6 Qb7 16. Rfa1
Nd5 17. Nd4 Nc7 18. R6a2 b5 19. c4 bxc4 20. Qxc4 Ne5 21. Qe2
Rfd8 22. b5 Rd5 23. e4 Rd7 24. Nxe6 fxe6 25. Bxe5 Qxb5
26. Qxb5 Nxb5 27. h3 Kf7 28. Rb2 Rb7 29. Ra6 g6 30. Rb3 Ke7
31. h4 Kd7 32. h5 gxh5 33. Rh3 Rb6 34. Rxb6 axb6 35. Rxh5 Nd6
36. Rxh7+ Kc6 37. f3 Nc4 38. Rc7+ Kb5 39. Bf6 Ra2 40. Re7 Ne3
41. Bd4 Nxg2 42. Rxe6 Nh4 43. Rf6 Ra4 44. Bf2 Nxf3+ 45. Rxf3
Rxe4 46. Rf6 Kc4 47. Rxb6 Kd5 48. Kg2 Re6 49. Rb4 Rf6 50. Be3
Rf7 51. Bf4 Kc5 52. Re4 Kd5 53. Kf3 Rf6 54. Re5+ Kd4 55. Re1
Kd5 56. Rd1+ Kc6 57. Ke4 Rf7 58. Rc1+ Kd7 59. Be5 Ke6 60. Rc6+
Kd7 61. Kd5 Ke8 62. Ra6 Kd7 63. Bf6 Ke8 64. Ra8+ Kd7 65. Ke5
Kc6 66. Ke6 Rh7 67. Ra1 Rh6 68. Rc1+ Kb5 69. Ke5 Rh2 70. Kd5
Rh5+ 71. Be5 Ka6 72. Rb1 Rg5 73. Kd6 Rh5 74. Rb8 Ka5 75. Bc3+
Ka4 76. Be5 Ka5 77. Kd5 Ka4 78. Kd4 Rh4+ 79. Kc5 Rh5 80. Rb4+
Ka3 81. Re4 Kb3 82. Re3+ Kc2 83. Kc4 Rh4+ 84. Bd4 Rh2 85. Ra3
Re2 86. Ra1 Kd2 87. Ra3 Kc2 88. Be3 Kd1 89. Kd3 Rd2+ 90. Bxd2
1/2-1/2

[Event "17th European Team Championship (Women)"]
[Site "Novi Sad SRB"]
[Date "2009.10.28"]
[EventDate "2009.10.22"]
[Round "7"]
[Result "1-0"]
[White "Tatiana Kosintseva"]
[Black "Narmin Kazimova"]
[WhiteElo "2536"]
[BlackElo "2228"]
[PlyCount "93"]

1. e4 c5 2. Nf3 d6 3. d4 cxd4 4. Nxd4 Nf6 5. Nc3 a6 6. Be3 e6
7. g4 d5 8. g5 Nxe4 9. Nxe4 dxe4 10. Qg4 Qa5+ 11. c3 Be7
12. Bg2 Bd7 13. Qxe4 Nc6 14. Nb3 Qb5 15. f4 O-O-O 16. O-O-O
Qf5 17. Qc4 Qb5 18. Qxb5 axb5 19. Bb6 Rde8 20. Nc5 Bxc5
21. Bxc5 e5 22. Rhf1 e4 23. Rde1 Bf5 24. h4 g6 25. Rf2 Re6
26. Bf1 h6 27. Bxb5 hxg5 28. hxg5 Rh7 29. Bc4 Re8 30. b4 Nd8
31. Bd5 Rh3 32. Re3 Rxe3 33. Bxe3 Ne6 34. Rh2 Rd8 35. c4 b5
36. Rh7 bxc4 37. Bxc4 Rd7 38. Kb2 Kb7 39. a4 Nd8 40. a5 Be6
41. a6+ Ka8 42. Bxe6 Nxe6 43. Rh8+ Rd8 44. Rxd8+ Nxd8 45. b5
Ne6 46. b6 Ng7 47. Bd4 1-0

[Event "17th European Team Championship (Women)"]
[Site "Novi Sad SRB"]
[Date "2009.10.29"]
[EventDate "2009.10.22"]
[Round "8"]
[Result "0-1"]
[White "Katerina Nemcova"]
[Black "Tatiana Kosintseva"]
[WhiteElo "2258"]
[BlackElo "2536"]
[PlyCount "136"]

1. e4 e5 2. Nf3 Nc6 3. Bb5 a6 4. Ba4 Nf6 5. O-O Be7 6. Re1 b5
7. Bb3 d6 8. c3 O-O 9. h3 Na5 10. Bc2 c5 11. d4 Qc7 12. Nbd2
Be6 13. Nf1 Nc4 14. Ng3 g6 15. b3 Nb6 16. Be3 a5 17. d5 Bd7
18. Bg5 c4 19. b4 Ra6 20. a3 Rfa8 21. Rc1 axb4 22. axb4 Qd8
23. Bb1 Ne8 24. Bh6 Ng7 25. Qd2 Ra1 26. Nf1 Qf8 27. Ng3 R8a3
28. Nh2 Na4 29. Nhf1 Nb6 30. Ne3 Ra8 31. Nc2 R1a6 32. Ne3 Qd8
33. Nef1 Bc8 34. Nh2 Ra1 35. Rf1 Nd7 36. Ng4 Nf6 37. Nxf6+
Bxf6 38. f4 Ne8 39. f5 Bg7 40. Bxg7 Kxg7 41. f6+ Kg8 42. Qg5
Bd7 43. Nf5 Bxf5 44. Rxf5 R8a3 45. Rff1 Rb3 46. Kh1 Rb2 47. h4
h5 48. Bc2 Raa2 49. Rf2 Qd7 50. Kg1 Qa7 51. Kf1 Qd7 52. Ke1
Kh7 53. Kd2 Qa7 54. Ke1 Ra1 55. Ke2 Qa3 56. Kd1 Rxc1+ 57. Qxc1
Qxc3 58. Rf3 Qd4+ 59. Ke1 c3 60. Rf2 Qxb4 61. Qa1 Qd4 62. Kf1
b4 63. Qa4 Qc4+ 64. Kg1 Qc8 65. Qa7 Kg8 66. g4 b3 67. gxh5
bxc2 68. Qe3 Qg4+ 0-1

[Event "17th European Team Championship (Women)"]
[Site "Novi Sad SRB"]
[Date "2009.10.30"]
[EventDate "2009.10.22"]
[Round "9"]
[Result "1/2-1/2"]
[White "Lilit Mkrtchian"]
[Black "Tatiana Kosintseva"]
[WhiteElo "2469"]
[BlackElo "2536"]
[PlyCount "94"]

1. d4 Nf6 2. c4 e6 3. Nc3 Bb4 4. e3 O-O 5. Nge2 d5 6. a3 Be7
7. cxd5 exd5 8. b4 c6 9. Ng3 Re8 10. Bd3 Nbd7 11. O-O Nb6
12. Rb1 a6 13. f3 a5 14. Nce2 axb4 15. axb4 Bd6 16. Bc2 Nc4
17. e4 dxe4 18. fxe4 Bxg3 19. Nxg3 Na3 20. Ra1 Bg4 21. Qd3
Nxc2 22. Rxa8 Qxa8 23. Qxc2 Qd8 24. Qf2 Be6 25. Bg5 Ng4
26. Qd2 f6 27. Bf4 g5 28. Be3 Nxe3 29. Qxe3 Bf7 30. e5 Bg6
31. Qb3+ Kh8 32. exf6 Qxd4+ 33. Kh1 Rf8 34. Qf3 Qxb4 35. Qe3
h6 36. Qe5 Kh7 37. h3 Rf7 38. Nf5 Qb5 39. Qxb5 cxb5 40. Nd6
Rf8 41. Nxb7 Bd3 42. Rf2 Bc4 43. Nd6 Kg6 44. f7 Bxf7 45. Nxb5
Rd8 46. Nc3 h5 47. Ne4 Bd5 1/2-1/2

[Event "Russian Championship Superfinal (Women)"]
[Site "Moscow RUS"]
[Date "2009.12.24"]
[EventDate "2009.12.20"]
[Round "5"]
[Result "1-0"]
[White "Tatiana Kosintseva"]
[Black "Elena Zaiatz"]
[WhiteElo "2522"]
[BlackElo "2390"]
[PlyCount "129"]

1. e4 e5 2. Nf3 Nc6 3. Bb5 a6 4. Ba4 Nf6 5. O-O Be7 6. Re1 b5
7. Bb3 d6 8. c3 O-O 9. h3 Na5 10. Bc2 d5 11. exd5 e4 12. Bxe4
Nxe4 13. Rxe4 Bb7 14. d4 Bxd5 15. Re1 Bd6 16. Nbd2 Qd7 17. Nf1
Rae8 18. Rxe8 Rxe8 19. Ne3 Bb7 20. b3 Bf4 21. Bd2 Be4 22. Rc1
Nc6 23. Nc4 bxc4 24. Bxf4 Bd5 25. Nd2 Na5 26. b4 Nb7 27. Nf1
f6 28. Ne3 Bf7 29. a4 Nd8 30. d5 Bg6 31. Qg4 Qf7 32. Qg3 c6
33. d6 Bd3 34. Qf3 Qd7 35. Bg3 Nf7 36. Qh5 Ne5 37. Qh4 Re6
38. Bxe5 Rxe5 39. Nxc4 Re4 40. Nb6 Qxd6 41. Qh5 Re5 42. Qd1
Re2 43. Qb3+ Kh8 44. Rf1 Qf4 45. Qf7 h6 46. Nd7 Bc4 47. Qf8+
Kh7 48. Qc5 Rd2 49. Nf8+ Kg8 50. Re1 Bf7 51. c4 Rd8 52. Ne6
Bxe6 53. Qe7 Rd6 54. g3 Qd4 55. Rxe6 Rd7 56. Qe8+ Kh7 57. Re1
Rb7 58. Qc8 Qd2 59. Re8 Qxb4 60. Qf5+ g6 61. Qxf6 Rg7 62. Qd8
Qb1+ 63. Kg2 g5 64. Rh8+ Kg6 65. Qd6+ 1-0

[Event "Russian Championship Superfinal (Women)"]
[Site "Moscow RUS"]
[Date "2009.12.26"]
[EventDate "2009.12.20"]
[Round "6"]
[Result "0-1"]
[White "Natalia Pogonina"]
[Black "Tatiana Kosintseva"]
[WhiteElo "2501"]
[BlackElo "2522"]
[PlyCount "156"]

1. e4 e5 2. Nf3 Nc6 3. Bb5 a6 4. Ba4 Nf6 5. O-O Be7 6. Re1 b5
7. Bb3 d6 8. c3 O-O 9. h3 Nb8 10. d4 Nbd7 11. Nbd2 Bb7 12. Bc2
Re8 13. a4 Bf8 14. Bd3 c6 15. Nf1 d5 16. Ng3 dxe4 17. Nxe4
exd4 18. cxd4 c5 19. Bg5 c4 20. Bc2 Be7 21. Nxf6+ Bxf6
22. Rxe8+ Qxe8 23. Be3 Nb6 24. axb5 axb5 25. Rxa8 Qxa8 26. Ne5
Be4 27. Bxe4 Qxe4 28. Qa1 Bxe5 29. dxe5 Na4 30. Qd1 h6 31. Bd4
Kh7 32. Qd2 Qb1+ 33. Kh2 Qf5 34. g3 Qe4 35. h4 Kg8 36. Kg1 Kh7
37. Qd1 Kg8 38. Qd2 Qd5 39. Qf4 Nc5 40. Bxc5 Qxc5 41. Qe4 Kf8
42. e6 fxe6 43. Qxe6 b4 44. Qe4 c3 45. bxc3 Qxc3 46. Qa8+ Ke7
47. Qb7+ Kd6 48. Qb6+ Kd5 49. Qb5+ Kd4 50. Qd7+ Kc4 51. Qe6+
Kd3 52. Qe3+ Kc2 53. Qe2+ Kc1 54. Qf1+ Kd2 55. Qb5 b3 56. Qd5+
Kc1 57. Qe4 b2 58. Qf4+ Kc2 59. Qe4+ Qd3 60. Qa4+ Kc1 61. Qf4+
Qd2 62. Qc4+ Qc2 63. Qf4+ Kb1 64. Qe5 g6 65. Kg2 Qd3 66. Qf4
Qd5+ 67. Kh2 Kc2 68. Qa4+ Kc1 69. Qf4+ Qd2 70. Qc4+ Kd1
71. Qf1+ Kc2 72. Qc4+ Qc3 73. Qa4+ Kd2 74. Qe4 Kc1 75. Qf4+
Kd1 76. Qe4 Qc2 77. Qd4+ Ke1 78. Qe3+ Kf1 0-1

[Event "Russian Championship Superfinal (Women)"]
[Site "Moscow RUS"]
[Date "2009.12.28"]
[EventDate "2009.12.20"]
[Round "8"]
[Result "1/2-1/2"]
[White "Alisa Galliamova"]
[Black "Tatiana Kosintseva"]
[WhiteElo "2460"]
[BlackElo "2522"]
[PlyCount "103"]

1. d4 Nf6 2. c4 e6 3. g3 d5 4. Bg2 dxc4 5. Qa4+ Nbd7 6. Nd2 c5
7. Nxc4 cxd4 8. Bf4 Be7 9. Rd1 O-O 10. Rxd4 Bc5 11. Rd1 Nd5
12. Nf3 Nxf4 13. gxf4 Qc7 14. Nce5 Nb6 15. Qa5 Qe7 16. O-O Nd5
17. e3 b6 18. Qa4 Bb7 19. Qd7 Ba6 20. Rfe1 Bb4 21. Qxe7 Nxe7
22. Nd2 Rad8 23. Nef3 Bb7 24. Nd4 Bxg2 25. Kxg2 Nf5 26. Nxf5
exf5 27. Re2 Rd3 28. a3 Bc5 29. Rc1 Rfd8 30. Rc2 f6 31. Nf3
R8d7 32. Red2 Kf7 33. Kf1 h6 34. Ke2 Rxd2+ 35. Rxd2 Rxd2+
36. Nxd2 g5 37. fxg5 fxg5 38. f3 Kg6 39. h3 Kh5 40. b4 Be7
41. Kf2 Kh4 42. Kg2 b5 43. Nb3 Bf6 44. Na5 Bb2 45. Nc6 a6
46. Nb8 Bxa3 47. Nxa6 Kh5 48. Nc7 Bxb4 49. Nxb5 Bc5 50. e4
fxe4 51. fxe4 g4 52. hxg4+ 1/2-1/2